Crop management and postharvest handling of horticultural products

Salvato in:
Dettagli Bibliografici
Autori principali: Dris, Ramdane (Autore), Niskanen, Raina (Autore), Jain, Shri Mohan (Autore)
Natura: Libro
Lingua:inglese
Pubblicazione: Portsmouth Science 2003
Edizione:1a. ed
Soggetti:
Tags: Aggiungi Tag
Nessun Tag, puoi essere il primo ad aggiungerne!!

MARC

LEADER 00000nam a2200000 a 4500
001 UCK6387
003 CL-VaPUC
008 050930e20030000uk |||||||||||||||||eng|d
020 |a 1578082161v.2 
020 |a 1578082781v.3 
020 |a 157808279Xv.4 
082 0 4 |a 635.046  |b DRI  |2 21 
100 0 |a Dris, Ramdane  |e author  |9 495576 
700 0 |a Niskanen, Raina  |e author  |9 495577 
700 |a Jain, Shri Mohan  |e author  |9 495578 
245 1 0 |a Crop management and postharvest handling of horticultural products 
250 |a 1a. ed 
300 |a v 
942 |c BK 
945 |d 20050930 00:00:00  |a cmena 
260 |a Portsmouth  |b Science  |c 2003 
500 |a v.2: Fruits and vegetables 
500 |a v.3: Crop fertilization, nutrition and growth 
500 |a v.4: Diseases and disorders of fruits and vegetables 
650 0 |a Horticultura  |9 259721 
650 0 |a Postcosecha  |9 325633 
650 0 |a Enfermedades de las plantas  |9 259687 
650 0 |a Fruticultura  |9 259678 
650 0 |a Vegetales  |9 264557 
999 |c 314674  |d 314672 
583 |k Rodrigo Vera 
952 |0 0  |1 0  |4 0  |6 635_046000000000000_DRI_2003  |7 0  |8 A  |9 387287  |a BIBAGR  |b BIBAGR  |d 2019-11-22  |h v.2  |i 4170083  |o 635.046 DRI 2003  |p 4170083  |r 2025-01-20  |w 2019-11-22  |y BK  |k AGR 
952 |0 0  |1 0  |4 0  |6 635_046000000000000_DRI_2003  |7 0  |8 A  |9 387288  |a BIBAGR  |b BIBAGR  |d 2019-11-22  |h v.4  |i 4170091  |o 635.046 DRI 2003  |p 4170091  |r 2025-01-20  |w 2019-11-22  |y BK  |k AGR 
952 |0 0  |1 0  |4 0  |6 635_046000000000000_DRI_2003  |7 0  |8 A  |9 387289  |a BIBAGR  |b BIBAGR  |d 2019-11-22  |h v.3  |i 4178971  |o 635.046 DRI 2003  |p 4178971  |r 2025-01-20  |w 2019-11-22  |y BK  |k AGR